| 000 | 00581nam a2200229Ia 4500 | ||
|---|---|---|---|
| 003 | GCL | ||
| 008 | 140319s9999 xx 000 0 eng d | ||
| 040 |
_aGCL / _cGCL |
||
| 082 | 0 | 4 |
_a338 _bC I |
| 100 | 1 | _aWALKEN, DAVID | |
| 245 | 1 | 0 |
_aINDUSTRIAL LOCATION: PRINCIPLES AND POLICES / _cWALKEN, DAVID |
| 700 | 1 | _aCHAPMAN, KEITH | |
| 260 |
_a[S.N] : _bWILEY EASTERN LIMITED ، _c1991 |
||
| 300 | _a322 P | ||
| 650 | 0 | 4 | _aECONOMICS |
| 650 | 0 | 4 | _aBUSINESS |
| 650 | 0 | 4 | _aGEOGRAPHY |
| 650 | 0 | 4 | _aINDUSTRY - LOCATION |
| 650 | 0 | 4 | _aPLANNING |
| 650 | 0 | 4 | _aCITIES |
| 942 |
_2ddc _cBK |
||
| 999 |
_c20531 _d20531 |
||